30 Jahre danach Neue Perspektiven für die Beziehungen der EFTA-Staaten zur Europäischen Gemeinschaft
Gespeichert in:
| Weitere Verfasser: | |
|---|---|
| Format: | Buch |
| Sprache: | Deutsch |
| Veröffentlicht: |
Baden-Baden
Nomos
1987
|
| Ausgabe: | 1. Aufl. |
| Schlagworte: | |
| Tags: |
Keine Tags, Fügen Sie das erste Tag hinzu!
|
MARC
| LEADER | 00000nam a2200000 4500 | ||
|---|---|---|---|
| 001 | c000742 | ||
| 005 | 20221219111657.2 | ||
| 020 | |a 3-7890-1457-5 | ||
| 041 | 0 | |a ger | |
| 044 | |a DE | ||
| 245 | 1 | 0 | |a 30 Jahre danach |b Neue Perspektiven für die Beziehungen der EFTA-Staaten zur Europäischen Gemeinschaft |c Edit. Reinhard Rack |
| 250 | |a 1. Aufl. | ||
| 264 | 1 | |a Baden-Baden |b Nomos |c 1987 | |
| 300 | |a 111 s. | ||
| 610 | 2 | 0 | |a EZVO |
| 610 | 2 | 0 | |a Európske spoločenstvá |
| 610 | 2 | 0 | |a vzťahy hospodárske medzinárodné |
| 610 | 2 | 0 | |a doprava |
| 610 | 2 | 0 | |a mena |
| 610 | 2 | 0 | |a spolupráca hospodárska medzinárodná |
| 610 | 2 | 0 | |a technológie nové |
| 610 | 2 | 0 | |a ekológia |
| 700 | 1 | |a Rack, Reinhard | |